000
00335nam a2200145Ia 4500
008
150301s2015 xx 000 0 und d
082
_a
574
_b
S14B
100
_a
VIKASH BHARDWAJ
245
_a
SCIENCE BEHIND NON- SPECIFIE SCIENCE
250
_a
IST
260
_b
NOTION PRESS
300
_a
114
650
_a
PHARMACY
942
_2
ddc
_c
BK
999
_c
7062
_d
7062